<?xml version="1.0" encoding="UTF-8"?>
<record
    xmlns:xsi="http://www.w3.org/2001/XMLSchema-instance"
    xsi:schemaLocation="http://www.loc.gov/MARC21/slim http://www.loc.gov/standards/marcxml/schema/MARC21slim.xsd"
    xmlns="http://www.loc.gov/MARC21/slim">

  <leader>01652nam a2200157   4500</leader>
  <controlfield tag="008">707 OJ39c</controlfield>
  <datafield tag="020" ind1=" " ind2=" ">
    <subfield code="a">9789974997035</subfield>
  </datafield>
  <datafield tag="082" ind1=" " ind2=" ">
    <subfield code="a">707</subfield>
    <subfield code="b">OJ39c</subfield>
  </datafield>
  <datafield tag="100" ind1=" " ind2=" ">
    <subfield code="a">Alonso, Sebasti&#xE1;n </subfield>
    <subfield code="9">7092</subfield>
  </datafield>
  <datafield tag="245" ind1=" " ind2=" ">
    <subfield code="a">El ojo colectivo: </subfield>
    <subfield code="b">formas de hacer colectivo</subfield>
  </datafield>
  <datafield tag="260" ind1=" " ind2=" ">
    <subfield code="a">Uruguay</subfield>
    <subfield code="b">Ministerio de Educaci&#xF3;n y Cultura </subfield>
    <subfield code="b">Goethe Institut</subfield>
    <subfield code="c">2014</subfield>
  </datafield>
  <datafield tag="300" ind1=" " ind2=" ">
    <subfield code="a">270 p. </subfield>
    <subfield code="b">il.</subfield>
    <subfield code="c">24 x 17 cm </subfield>
  </datafield>
  <datafield tag="505" ind1=" " ind2=" ">
    <subfield code="t">Introducci&#xF3;n </subfield>
    <subfield code="r">Alonso+cracium </subfield>
    <subfield code="t">&#xA1;Viva la intersubjetividad! Algunos pensamientos acerca de El Ojo colectivo </subfield>
    <subfield code="r">Heinz-Norbert Jocks </subfield>
    <subfield code="t">Pr&#xE1;cticas colaborativas </subfield>
    <subfield code="t">Atlas ciudadanos como saberes extra&#xF1;os e infinitos </subfield>
    <subfield code="r">Paulina Vargas y Jos&#xE9; Llano </subfield>
    <subfield code="t">En torno al hacer colectivo </subfield>
    <subfield code="r">La d&#xE1;rsena_Plataforma de pensamiento e interacci&#xF3;n art&#xED;stica</subfield>
    <subfield code="t">La delicada esencia del arte colaborativo </subfield>
    <subfield code="r">Stephen Wright </subfield>
    <subfield code="t">Iconoclasistas: mapeos cr&#xED;ticos, pr&#xE1;cticas colaborativas y recursos gr&#xE1;ficos de c&#xF3;digo abierto </subfield>
    <subfield code="r">Pablo Ares y Julia Risler</subfield>
    <subfield code="t">"Saborengo Ker", la pel&#xED;cula </subfield>
    <subfield code="r">Francesco Careri </subfield>
    <subfield code="t">Di&#xE1;logos </subfield>
    <subfield code="t">La fotograf&#xED;a urbana como contramonumento: miradas ausentes (en la calle) de Urruzola </subfield>
    <subfield code="r">David Rojinsky </subfield>
    <subfield code="t">Los tres domos del &#xFA;ltimo azar </subfield>
    <subfield code="r">Lukas K&#xFC;hne y Carsten Stabenow </subfield>
    <subfield code="t">Los usurpadores </subfield>
    <subfield code="r">Legoville</subfield>
    <subfield code="t">Welfare State </subfield>
    <subfield code="r">Democracia </subfield>
    <subfield code="t">Pr&#xE1;cticas pedag&#xF3;gicas </subfield>
    <subfield code="t">De lo expositivo a la acci&#xF3;n pedag&#xF3;gica </subfield>
    <subfield code="r">Fernando Miranda </subfield>
    <subfield code="t">Pedagog&#xED;as colectivas e investigaci&#xF3;n colaborativa en las pr&#xE1;cticas culturales contempor&#xE1;neas</subfield>
    <subfield code="r">Aida S&#xE1;nchez de Serdio Mart&#xED;n</subfield>
    <subfield code="t">English version</subfield>
    <subfield code="t">Collaboratives practices </subfield>
    <subfield code="t">Dialogues </subfield>
    <subfield code="t">Pedagogical practices </subfield>
  </datafield>
  <datafield tag="650" ind1=" " ind2=" ">
    <subfield code="x">arte - colectivo</subfield>
    <subfield code="x">arte - colaborativo</subfield>
    <subfield code="x">arte - pr&#xE1;cticas pedag&#xF3;gicas</subfield>
    <subfield code="x">arte - di&#xE1;logo</subfield>
    <subfield code="9">7093</subfield>
  </datafield>
  <datafield tag="700" ind1=" " ind2=" ">
    <subfield code="a">Cracium, Mart&#xED;n </subfield>
    <subfield code="9">7094</subfield>
  </datafield>
  <datafield tag="999" ind1=" " ind2=" ">
    <subfield code="c">1809</subfield>
    <subfield code="d">1809</subfield>
  </datafield>
  <datafield tag="952" ind1=" " ind2=" ">
    <subfield code="0">0</subfield>
    <subfield code="1">0</subfield>
    <subfield code="2">ddc</subfield>
    <subfield code="4">0</subfield>
    <subfield code="7">0</subfield>
    <subfield code="a">LV</subfield>
    <subfield code="b">LV</subfield>
    <subfield code="c">Pensamiento</subfield>
    <subfield code="d">2019-07-04</subfield>
    <subfield code="l">1</subfield>
    <subfield code="o">707 OJ39c</subfield>
    <subfield code="p">004766</subfield>
    <subfield code="r">2019-09-06 00:00:00</subfield>
    <subfield code="s">2019-08-31</subfield>
    <subfield code="w">2019-07-04</subfield>
    <subfield code="y">01</subfield>
  </datafield>
</record>
